<?xml version="1.0" encoding="UTF-8"?>
<record
    xmlns:xsi="http://www.w3.org/2001/XMLSchema-instance"
    xsi:schemaLocation="http://www.loc.gov/MARC21/slim http://www.loc.gov/standards/marcxml/schema/MARC21slim.xsd"
    xmlns="http://www.loc.gov/MARC21/slim">

  <leader>01723nas a2200421 i 4500</leader>
  <datafield tag="999" ind1=" " ind2=" ">
    <subfield code="c">7954</subfield>
    <subfield code="d">7954</subfield>
  </datafield>
  <controlfield tag="001">991061120058106706</controlfield>
  <controlfield tag="003">OSt</controlfield>
  <controlfield tag="005">20241028130723.0</controlfield>
  <controlfield tag="008">240416c20239999spcfr p  |||| 0   b0cat| </controlfield>
  <datafield tag="015" ind1=" " ind2=" ">
    <subfield code="a">SE2024</subfield>
    <subfield code="2">bnc</subfield>
  </datafield>
  <datafield tag="017" ind1=" " ind2=" ">
    <subfield code="a">B 18858-2023</subfield>
    <subfield code="b">Biblioteca de Catalunya</subfield>
  </datafield>
  <datafield tag="040" ind1=" " ind2=" ">
    <subfield code="a">ES-BaBC</subfield>
    <subfield code="b">cat</subfield>
    <subfield code="e">rda</subfield>
    <subfield code="c">CDMR</subfield>
  </datafield>
  <datafield tag="043" ind1=" " ind2=" ">
    <subfield code="a">e-sp---</subfield>
    <subfield code="b">e-spc--</subfield>
    <subfield code="2">catmarc</subfield>
  </datafield>
  <datafield tag="080" ind1=" " ind2=" ">
    <subfield code="a">658.8</subfield>
    <subfield code="x">(460.23)</subfield>
    <subfield code="x">(05)</subfield>
    <subfield code="2">2004</subfield>
  </datafield>
  <datafield tag="080" ind1=" " ind2=" ">
    <subfield code="a">659.1</subfield>
    <subfield code="x">(460.23)</subfield>
    <subfield code="x">(05)</subfield>
    <subfield code="2">2004</subfield>
  </datafield>
  <datafield tag="080" ind1=" " ind2=" ">
    <subfield code="a">659.4</subfield>
    <subfield code="x">(460.23)</subfield>
    <subfield code="x">(05)</subfield>
    <subfield code="2">2004</subfield>
  </datafield>
  <datafield tag="080" ind1=" " ind2=" ">
    <subfield code="a">316.77</subfield>
    <subfield code="x">(460.23)</subfield>
    <subfield code="x">(05)</subfield>
    <subfield code="2">2004</subfield>
  </datafield>
  <datafield tag="130" ind1="0" ind2=" ">
    <subfield code="a">Impactes (2023).</subfield>
  </datafield>
  <datafield tag="245" ind1="1" ind2="0">
    <subfield code="a">Impactes :</subfield>
    <subfield code="b">la revista del m&#xE0;rqueting i la comunicaci&#xF3; de Catalunya </subfield>
    <subfield code="c">/ Col&#xB7;legi Oficial del M&#xE0;rqueting i la Comunicaci&#xF3; de Catalunya</subfield>
  </datafield>
  <datafield tag="264" ind1=" " ind2="1">
    <subfield code="a">[Barcelona] :</subfield>
    <subfield code="b">Col&#xB7;legi Oficial del M&#xE0;rqueting i la Comunicaci&#xF3; de Catalunya,</subfield>
    <subfield code="c">2023-</subfield>
  </datafield>
  <datafield tag="300" ind1=" " ind2=" ">
    <subfield code="a">volum :</subfield>
    <subfield code="b">il&#xB7;lustracions ;</subfield>
    <subfield code="c">31 cm</subfield>
  </datafield>
  <datafield tag="310" ind1=" " ind2=" ">
    <subfield code="a">Semestral</subfield>
  </datafield>
  <datafield tag="362" ind1="0" ind2=" ">
    <subfield code="a">N&#xFA;mero 1 (des. 2023/gen. 2024)-</subfield>
  </datafield>
  <datafield tag="515" ind1=" " ind2=" ">
    <subfield code="a">N&#xFA;m. preliminar: N&#xFA;mero 0</subfield>
  </datafield>
  <datafield tag="530" ind1=" " ind2=" ">
    <subfield code="a">Tamb&#xE9; es publica en l&#xED;nia</subfield>
  </datafield>
  <datafield tag="588" ind1="0" ind2=" ">
    <subfield code="a">Descripci&#xF3; basada en: N&#xFA;mero 1 (des. 2023/gen. 2024) ; t&#xED;tol obtingut de la coberta</subfield>
  </datafield>
  <datafield tag="588" ind1="1" ind2=" ">
    <subfield code="a">Darrer n&#xFA;mero consultat: N&#xFA;mero 1 (des. 2023/gen. 2024)</subfield>
  </datafield>
  <datafield tag="650" ind1=" " ind2="7">
    <subfield code="a">M&#xE0;rqueting</subfield>
    <subfield code="z">Catalunya</subfield>
    <subfield code="v">Revistes.</subfield>
    <subfield code="2">lemac</subfield>
  </datafield>
  <datafield tag="650" ind1=" " ind2="7">
    <subfield code="a">Publicitat</subfield>
    <subfield code="z">Catalunya</subfield>
    <subfield code="v">Revistes.</subfield>
    <subfield code="2">lemac</subfield>
  </datafield>
  <datafield tag="650" ind1=" " ind2="7">
    <subfield code="a">Relacions p&#xFA;bliques</subfield>
    <subfield code="z">Catalunya</subfield>
    <subfield code="v">Revistes.</subfield>
    <subfield code="2">lemac</subfield>
  </datafield>
  <datafield tag="650" ind1=" " ind2="7">
    <subfield code="a">Comunicaci&#xF3;</subfield>
    <subfield code="z">Catalunya</subfield>
    <subfield code="v">Revistes.</subfield>
    <subfield code="2">lemac</subfield>
  </datafield>
  <datafield tag="710" ind1="2" ind2=" ">
    <subfield code="a">Col&#xB7;legi Oficial del M&#xE0;rqueting i la Comunicaci&#xF3; de Catalunya.</subfield>
  </datafield>
  <datafield tag="752" ind1=" " ind2=" ">
    <subfield code="a">Catalunya</subfield>
    <subfield code="b">Barcelona (Prov&#xED;ncia)</subfield>
    <subfield code="c">Barcelon&#xE8;s</subfield>
    <subfield code="d">Barcelona</subfield>
  </datafield>
  <datafield tag="856" ind1=" " ind2=" ">
    <subfield code="u">https://www.impactes.cat/</subfield>
    <subfield code="z">Acc&#xE9;s lliure</subfield>
  </datafield>
  <datafield tag="908" ind1=" " ind2=" ">
    <subfield code="a">BC</subfield>
    <subfield code="a">UAO</subfield>
  </datafield>
  <datafield tag="940" ind1=" " ind2=" ">
    <subfield code="a">BC</subfield>
  </datafield>
  <datafield tag="942" ind1=" " ind2=" ">
    <subfield code="2">udc</subfield>
    <subfield code="c">SER</subfield>
  </datafield>
  <datafield tag="952" ind1=" " ind2=" ">
    <subfield code="0">0</subfield>
    <subfield code="1">0</subfield>
    <subfield code="4">0</subfield>
    <subfield code="7">0</subfield>
    <subfield code="a">CDMR</subfield>
    <subfield code="b">CDMR</subfield>
    <subfield code="d">2024-10-28</subfield>
    <subfield code="e">Donaci&#xF3;</subfield>
    <subfield code="l">0</subfield>
    <subfield code="o">N&#xFA;ms. 0, 2, 3</subfield>
    <subfield code="r">2024-10-28</subfield>
    <subfield code="w">2024-10-28</subfield>
    <subfield code="y">SER</subfield>
  </datafield>
</record>
